Szczegóły MARC21

Struktura i poziom wydatków i dochodów sektora finansów publicznych a sytuacja na rynku pracy : doświadczenia międzynarodowe i wnioski dla Polski /

003 -Nazwa inst., której nr kontr. jest w polu 001 [,]
    • @
    • Nazwa instytucji, której n kontrolny jest w polu 001
    • NUKAT
005 -DATA I CZAS OSTATNIEJ MODYFIKACJI [,]
    • @
    • pole kontrolne
    • 20241231111639.0
040 -Instytucja sporządzająca opis [ , ]
    • a
    • Instytucja, która sporządziła opis (NP)
    • KIEL 008/JK
    • c
    • Instytucja, która sporządziła rekord (NP)
    • KIEL 008/JK
    • d
    • Instytucja, która zmodyfikowała rekord (P)
    • KIEL 008/JS
942 -Rodzaj dokumentu [ , ]
    • c
    • Rodzaj dokumentu
    • Książka
245 -Strefa tytułu i oznaczenia odpowiedzialności [0,0]
    • a
    • Tytuł
    • Struktura i poziom wydatków i dochodów sektora finansów publicznych a sytuacja na rynku pracy : Find
    • b
    • Ciąg dalszy tytułu (NP)
    • doświadczenia międzynarodowe i wnioski dla Polski / Find
    • c
    • Pozostałe elementy strefy tytułu i oznaczenia odpowiedzialności (NP)
    • Maciej Bukowski [et al.].
260 -Strefa adresu wydawniczego [ , ]
    • a
    • Miejsce wydania (P)
    • Warszawa :
    • b
    • Nazwa wydawcy (P)
    • Narodowy Bank Polski. Departament Analiz Makroekonomicznych i Strukturalnych,
    • c
    • Data wydania (P)
    • 2005.
300 -Strefa opisu fizycznego [ , ]
    • a
    • Określenie formy książki i/lub objętość (NP)
    • 331 s. :
    • b
    • Oznaczenie ilustracji (NP)
    • il. ;
    • c
    • Format (NP)
    • 30 cm.
336 -Typ zawartości [ , ]
    • a
    • Termin opisujący typ zawartości
    • Tekst
    • b
    • Kod określający zawartość
    • txt
    • 2
    • Źródło (terminu i kodu)
    • rdacontent
337 -Typ mediów [ , ]
    • a
    • Tryb odtwarzania
    • Bez urządzenia pośredniczącego
    • b
    • Kod typu mediów
    • n
    • 2
    • Źródło (terminu i kodu)
    • rdamedia
338 -Typ/rodzaj nośnika [ , ]
    • a
    • Hasło opisujące typ nośnika
    • Wolumin
    • b
    • Kod typu nośnika
    • nc
    • 2
    • Źródło (terminu i kodu)
    • rdacarrier
500 -Uwaga ogólna [ , ]
    • a
    • Uwaga ogólna (NP)
    • Zawiera tab.
504 -Uwaga dot. bibliogr. załącznikowej [ , ]
    • a
    • Uwaga dot. bibliografii załącznikowej
    • Bibliogr. s. 315-331.
080 -Uniwersalna Klasyfikacja Dziesiętna [ , ]
    • 2
    • Identyfikator wydania tablic
    • UDC-P022
    • a
    • Symbol klasyfikacji
    • 336.1
    • b
    • Dopowiedzenie
    • Finanse publiczne. Finanse państwowe ogólnie.
080 -Uniwersalna Klasyfikacja Dziesiętna [ , ]
    • 2
    • Identyfikator wydania tablic
    • UDC-P022
    • a
    • Symbol klasyfikacji
    • 336.2
    • b
    • Dopowiedzenie
    • Dochody państwowe. Dochody publiczne.
080 -Uniwersalna Klasyfikacja Dziesiętna [ , ]
    • 2
    • Identyfikator wydania tablic
    • UDC-P022
    • a
    • Symbol klasyfikacji
    • 331.5
    • b
    • Dopowiedzenie
    • Rynek pracy. Zatrudnienie. Pełne zatrudnienie. Brak sił roboczych. Ruchliwość sił roboczych. Obcokrajowe siły robocze. Zatrudnienie cudzoziemców. Gastarbeiterzy. Praca za granicą. Rehabilitacja zawodowa.
080 -Uniwersalna Klasyfikacja Dziesiętna [ , ]
    • 2
    • Identyfikator wydania tablic
    • UDC-P022
    • a
    • Symbol klasyfikacji
    • 369.5
    • b
    • Dopowiedzenie
    • Ubezpieczenia na starość. Emerytury. Renty starcze.
650 -Hasło przedmiotowe [ ,7]
    • a
    • Hasło przedmiotowe
    • Polityka wydatków publicznych.
    • 2
    • Źródło terminu
    • kaba
    • 9
    • KHW
    • 124693
650 -Hasło przedmiotowe [ ,7]
    • a
    • Hasło przedmiotowe
    • Dochody państwowe.
    • 2
    • Źródło terminu
    • kaba
    • 9
    • KHW
    • 106131
650 -Hasło przedmiotowe [ ,7]
    • a
    • Hasło przedmiotowe
    • Rynek pracy
    • z
    • Określnik geograficzny
    • Polska.
    • 2
    • Źródło terminu
    • kaba
    • 9
    • KHW
    • 364458
650 -Hasło przedmiotowe [ ,7]
    • a
    • Hasło przedmiotowe
    • Renty
    • z
    • Określnik geograficzny
    • Polska.
    • 2
    • Źródło terminu
    • kaba
    • 9
    • KHW
    • 465513
650 -Hasło przedmiotowe [ ,7]
    • a
    • Hasło przedmiotowe
    • Ubezpieczenie od bezrobocia.
    • 2
    • Źródło terminu
    • kaba
    • 9
    • KHW
    • 134245
650 -Hasło przedmiotowe [ ,7]
    • a
    • Hasło przedmiotowe
    • Zasiłki rodzinne
    • z
    • Określnik geograficzny
    • Polska.
    • 2
    • Źródło terminu
    • kaba
    • 9
    • KHW
    • 389316
980 -Symbol UKD [ , ]
    • a
    • UKD
    • 336.1/.2:331.5:369.5
700 -Hasło dodatkowe - nazwa osobowa [1, ]
    • a
    • Nazwa osobowa (NP)
    • Bukowski, Maciej. Find
    • 9
    • KHW
    • 16987
Numer inwentarzowy Status udost. Lokalizacja Data inwentaryzacji
E.70404-2BE2007-01-23
S.92646-2BE2007-01-23
Z.1104451BG2008-03-06